Sortez de la France à l'aveugle #1 (certains départements tuent) - Statistiques

Statistiques générales
  • Ce quiz a été pris 98 fois
  • Le résultat moyen est 5 sur 12
Statistiques - réponses
Hint Réponse % Correct
a - Vous êtes à Morlaix, tapez les 2 numéros de département pour confirmer votre position 29
97%
b - Ensuite dirigez vous vers le département frontalier du littoral atlantique le plus proche 56
80%
c - Poursuivez votre chemin vers un département voisin qui vous fait changer de région 44
76%
d - Votre salut passe ensuite vers un département voisin au carré 49
54%
e - La suite se passe dans le département coincé entre le Puy du Fou et le Futuroscope 79
49%
f - Si vous êtes encore en vie, dirigez vous vers un nouveau département voisin au carré (autre que le précédent) 16
32%
g - Maintenant, votre vie ne tient qu'à un fil, prenez la direction du département frontalier où se trouve les sous-préfectures de Nontron et Sarlat-la-Canéda 24
23%
h - Direction Sud dans un département voisin avec un nombre premier 47
18%
i - Allez dans le département voisin qui a pour sous-préfecture Castelsarrasin 82
18%
j - L'itinéraire de votre survie passe encore par un département voisin au carré 81
16%
k - Vous y êtes presque. Dirigez-vous vers le département qui a pour une de ses sous-préfectures Limoux 11
12%
l - Vous êtes sur le point d'atteindre la frontière. Une erreur ici serait dommage. Pour passer la frontière, vous devez taper les nombres du département où le point culminant est le pic Carlit (2 921 m) 66
9%
Aucun quiz correspondant
Distribution des résultats
% des personnes avec chaque résultat
Percentile par nombre de réponses
Votre historique - résultats
Vous n’avez pas pris ce quiz